LIBRARY & INFORMATION CENTRE, KCAET, TAVANUR

ONLINE PUBLIC ACCESS CATALOGUE (OPAC)

Performance evaluation of a tractor mounted rotavator (Record no. 15221)

MARC details
000 -LEADER
fixed length control field 00606nam a22001937a 4500
003 - CONTROL NUMBER IDENTIFIER
control field OSt
088 ## - REPORT NUMBER
Report number P 114
100 ## - MAIN ENTRY--AUTHOR NAME
Personal name LOLA G. P
245 ## - TITLE STATEMENT
Title Performance evaluation of a tractor mounted rotavator
260 ## - PUBLICATION, DISTRIBUTION, ETC. (IMPRINT)
Place of publication Tavanur 2001
Name of publisher Kelappaji College of Agricultural Engineering and Technology
300 ## - PHYSICAL DESCRIPTION
Number of Pages 55
500 ## - GENERAL NOTE
General note Performance evaluation of a tractor mounted rotavator
520 ## - SUMMARY, ETC.
Summary, etc Performance evaluation of a tractor mounted rotavator
700 ## - ADDED ENTRY--PERSONAL NAME
Personal name Prasad V
700 ## - ADDED ENTRY--PERSONAL NAME
Personal name Rajesh R
700 ## - ADDED ENTRY--PERSONAL NAME
Personal name Er. Sureshkumar P. K (Guide)
942 ## - ADDED ENTRY ELEMENTS (KOHA)
Koha item type Project Report
Holdings
Collection code Home library Current library Shelving location Full call number Accession Number Koha item type
Reference KAUAET KAUAET Reference 631.3 LOL/PE P 114 Project Report
free website counter